000 00272nam a2200109Ia 4500
008 200302s9999 xx 000 0 und d
100 _aPratapaditya Pal
245 _aGoddess Durga the Power and the Glory
260 _bMarg Publication
260 _c2010
300 _a200 P.,
999 _c2677
_d2677